[Event "Asia-chT (Women)"]
[Site "Shenyang"]
[Date "1999.10.11"]
[Round "3"]
[White "Hoang Th Trang"]
[Black "Mamedova, Rena"]
[Result "1-0"]
[WhiteElo "2453"]
[BlackElo "2352"]

1.d4 d5 2.c4 dxc4 3.e4 Nc6 4.Be3 e5 5.d5 Nce7 6.Bxc4 Nf6 7.Nc3 Ng6 8.f3 a6
9.Qd2 Bd6 10.Nge2 O-O 11.Bb3 Bd7 12.Ng3 Qe7 13.Nf5 Bxf5 14.exf5 Nf4 15.O-O-O Rfd8
16.g3 N4h5 17.Kb1 Rd7 18.Rhe1 Qd8 19.Bg5 h6 20.Bh4 Qf8 21.Qg2 b5 22.f4 Re8
23.Qf3 Rde7 24.fxe5 Rxe5 25.g4 Nf4 26.Rxe5 Bxe5 27.Bg3 b4 28.Bxf4 Bxf4 29.Qxf4 bxc3
30.Qxc7 Rc8 31.d6 Ne4 32.Qe7 Nd2+ 33.Kc2 Nxb3 34.axb3 cxb2+ 35.Kxb2 Re8 36.Qxf8+ Kxf8
37.Kc3 Rb8 38.Kc4 Ke8 39.d7+ Kd8 40.b4 Rb5 41.Rd6 Re5 42.Rxa6 Re4+ 43.Kc5 Rxg4
44.Rd6 Rf4 45.Rd5 Rf2 46.h4 g5 47.fxg6 fxg6 48.b5 Rc2+ 49.Kb6 Rc4 50.h5 Rg4
51.hxg6 Rxg6+ 52.Kb7 Rg1 53.b6 Rh1 54.Ka6 Ra1+ 55.Ra5 Rb1 56.Rh5 Kxd7 57.Rxh6 Kc8
58.Rh8+ Kd7 59.Kb7 Rb2 60.Rh1 Rd2 61.Ra1 Rd3 62.Ka8  1-0

[Event "Wch U18 Girls"]
[Site "Oropesa del Mar"]
[Date "1999.10.31"]
[Round "7"]
[White "Javakhishvili, Lela"]
[Black "Jackova, Jana"]
[Result "1-0"]
[WhiteElo "2181"]
[BlackElo "2233"]

1.d4 d5 2.c4 dxc4 3.e4 e5 4.Nf3 exd4 5.Bxc4 Nc6 6.O-O Be6 7.Bxe6 fxe6 8.Qb3 Qd7
9.Qxb7 Rb8 10.Qa6 Nf6 11.Nbd2 Bb4 12.Qd3 Bxd2 13.Bxd2 O-O 14.Rab1 Qd6 15.h3 Ne5
16.Nxe5 Qxe5 17.Rfe1 Nh5 18.b4 Rf6 19.Rbc1 Nf4 20.Qg3 Ng6 21.Qxe5 Nxe5 22.Rxc7 Nd3
23.Rf1 a5 24.bxa5 Rb2 25.Bg5 Rg6 26.a6 Rxa2 27.a7 Rxg5 28.Rc8+ Kf7 29.a8=Q Rxa8
30.Rxa8 Nf4 31.g3 Nxh3+ 32.Kh2 Rh5 33.Kg2 Ng5 34.f3 Rh6 35.Ra5 Kf6 36.e5+ Kf5
37.Rd1 g6 38.Rd3  1-0

[Event "Chigorin mem"]
[Site "St Petersburg"]
[Date "1999.11.02"]
[Round "1"]
[White "Sherbakov, Ruslan"]
[Black "Shaginjan, A."]
[Result "1-0"]
[WhiteElo "2541"]
[BlackElo "2358"]

1.d4 d5 2.c4 dxc4 3.e4 c5 4.d5 Nf6 5.Nc3 b5 6.Bf4 Qa5 7.Bd2 b4 8.e5 bxc3
9.Bxc3 Qc7 10.exf6 exf6 11.Bxc4 Qd6 12.Ne2 Be7 13.O-O O-O 14.Ng3 Qf4 15.d6 Qxc4
16.dxe7 Re8 17.Qf3 Qa6 18.Nh5  1-0

[Event "Chigorin mem"]
[Site "St Petersburg"]
[Date "1999.11.04"]
[Round "3"]
[White "Shishkov, Andrei"]
[Black "Sorokina, Anastasia"]
[Result "1-0"]
[WhiteElo "2303"]
[BlackElo "2162"]

1.d4 d5 2.c4 dxc4 3.e4 e5 4.Nf3 exd4 5.Bxc4 Bb4+ 6.Bd2 Bxd2+ 7.Nbxd2 c5 8.O-O Nc6
9.Rc1 Nge7 10.Ng5 Ne5 11.Bb5+ N7c6 12.f4 Ng4 13.h3 Ne3 14.Qh5 Qe7 15.Rfe1 Bd7
16.Nb3 b6 17.Bxc6 Bxc6 18.Nxd4 cxd4 19.Rxc6 g6 20.Qe2 O-O 21.Qd3 Qb4 22.Re2 Rac8
23.a3 Qa4 24.Rxc8 Rxc8 25.Rd2 Rc1+ 26.Kf2 Rd1 27.Nf3 Rxd2+ 28.Qxd2 Nc2 29.Qd3 Ne3
30.b3 Qxa3 31.Nxd4 Qb2+ 32.Kxe3 Qxg2 33.Nf3 Qxh3 34.Qd8+ Kg7 35.Qc7 Qf1 36.Qc3+ Kg8
37.Qc8+ Kg7 38.Qc3+ Kg8 39.Qc2 h5 40.f5 g5 41.Qc8+ Kg7 42.Qc3+ Kg8 43.Qc8+ Kg7
44.f6+ Kxf6 45.Qf5+ Ke7 46.Qxg5+ Ke8 47.Qxh5 Qc1+ 48.Nd2 Qe1+ 49.Kd3 Qg3+
50.Kc2 Qe3 51.Qe5+ Kd7 52.Qd5+  1-0

[Event "Chigorin mem"]
[Site "St Petersburg"]
[Date "1999.11.08"]
[Round "7"]
[White "Loginov, Anton"]
[Black "Donchenko, Anatoly G"]
[Result "1-0"]
[WhiteElo "2348"]
[BlackElo "2413"]

1.d4 d5 2.c4 dxc4 3.e4 Nc6 4.Nf3 Bg4 5.d5 Bxf3 6.gxf3 Ne5 7.Nc3 e6 8.f4 Nd3+
9.Bxd3 cxd3 10.dxe6 fxe6 11.Qh5+ Kd7 12.Be3 c6 13.O-O-O Kc7 14.Rxd3 Qxd3
15.Rd1 Qxd1+ 16.Kxd1 Nf6 17.Qf7+ Nd7 18.Ke2 Bb4 19.e5 Bxc3 20.bxc3 Rae8 21.Bc5 g6
22.Bd6+ Kc8 23.h4 Kd8 24.a4 b6 25.Ke3 Kc8 26.h5 Kd8 27.a5 bxa5 28.h6 Kc8
29.Kd2 Rd8 30.Kc2 Kb7 31.Be7  1-0

[Event "Chigorin mem"]
[Site "St Petersburg"]
[Date "1999.11.10"]
[Round "9"]
[White "Shishkov, Andrei"]
[Black "Alavkin, Arseny"]
[Result "1/2-1/2"]
[WhiteElo "2303"]
[BlackElo "2434"]

1.d4 d5 2.c4 dxc4 3.e4 Nf6 4.e5 Nd5 5.Bxc4 Nb6 6.Bb3 Nc6 7.Ne2 Bg4 8.f3 Bf5
9.Nbc3 e6 10.O-O Qd7 11.Be3 Nb4 12.a3 N4d5 13.Bf2 Be7 14.Ne4 O-O 15.Rc1 h6
16.Nc5 Qc8 17.Ng3 Bg5 18.Ra1 Ne3 19.Bxe3 Bxe3+ 20.Kh1 Bh7 21.Re1 Bg5 22.Nce4 Be7
23.Re2 Qd7 24.Rd2 Rad8 25.f4 Kh8 26.Qf3 c6 27.Rf1 Nd5 28.f5 exf5 29.Nxf5 Bxf5
30.Qxf5 Qxf5 31.Rxf5 g6 32.Rf3 Kg7 33.Rdf2 f5 34.Nc3 Nc7 35.Rd2 Rd7 36.Rfd3 Bg5
37.Rd1 Re8 38.h4 Be7 39.d5 Nxd5 40.Nxd5 cxd5 41.Rxd5 Rxd5  1/2-1/2

[Event "SLO-chT"]
[Site "Bled"]
[Date "1999.11.14"]
[Round "7"]
[White "Atalik, Suat"]
[Black "Ponomariov, Ruslan"]
[Result "1/2-1/2"]
[WhiteElo "2598"]
[BlackElo "2616"]

1.d4 d5 2.c4 dxc4 3.e4 Nf6 4.e5 Nd5 5.Bxc4 Nb6 6.Bb3 Nc6 7.Be3 Bf5 8.Nc3 e6
9.Nge2 Na5 10.Ba4+ c6 11.Bc2 Bxc2 12.Qxc2 Nac4 13.O-O Be7  1/2-1/2

[Event "Eu Team Ch"]
[Site "Batumi GEO"]
[Date "1999.12.01"]
[Round "3"]
[White "Piket,Je"]
[Black "Korchnoi,V"]
[Result "1/2-1/2"]
[WhiteElo "2635"]
[BlackElo "2676"]

1.d4 d5 2.c4 dxc4 3.e4 Nf6 4.e5 Nd5 5.Bxc4 Nb6 6.Bb3 Nc6 7.Ne2 Bf5 8.Nbc3 e6
9.a3 Qd7 10.O-O O-O-O 11.Be3 f6 12.exf6 gxf6 13.Ng3 Nxd4 14.Bxd4 Qxd4 15.Nb5 Qxd1
16.Rfxd1 Bc5 17.Nxf5 exf5 18.Rdc1 Bd6 19.Be6+ Kb8 20.Nxd6 Rxd6 21.Bxf5 Rd5
22.Be6 Rd2 23.b4 Rhd8 24.h4  1/2-1/2

[Event "Eu Team Ch"]
[Site "Batumi GEO"]
[Date "1999.12.02"]
[Round "4"]
[White "Ilincic,Z"]
[Black "Hillarp Persson,T"]
[Result "0-1"]
[WhiteElo "2577"]
[BlackElo "2507"]

1.d4 d5 2.c4 dxc4 3.e4 c5 4.d5 Nf6 5.Nc3 b5 6.e5 b4 7.exf6 bxc3 8.bxc3 Nd7
9.Qa4 exf6 10.Bf4 Qb6 11.Bxc4 Bd6 12.Ne2 Bxf4 13.Nxf4 Qd6 14.O-O O-O 15.Bd3 g6
16.Rad1 Nb6 17.Qe4 Bf5 18.Qf3 Bxd3 19.Rxd3 Rfe8 20.g3 Re5 21.h4 Rae8 22.h5 f5
23.hxg6 hxg6 24.Kg2 Nc4 25.Rdd1 Re4 26.Kg1 Kg7 27.Qh1 Rh8 28.Qg2 g5 29.Nd3 Qxd5
30.Nb2 Qe6 31.Nxc4 Qxc4 32.Qf3 Qe6 33.Rd2 g4 34.Qg2 Rh3 35.f3 Re3 36.Rc2 Qe5  0-1

[Event "Eu Team Ch"]
[Site "Batumi GEO"]
[Date "1999.12.07"]
[Round "8"]
[White "Volkov,S"]
[Black "Mikhalchishin,A"]
[Result "1/2-1/2"]
[WhiteElo "2575"]
[BlackElo "2552"]

1.d4 d5 2.c4 dxc4 3.e4 Nf6 4.e5 Nd5 5.Bxc4 Nb6 6.Bd3 Nc6 7.Ne2 Bg4 8.f3 Be6
9.Nbc3 Bd5 10.O-O e6 11.Be3 Qd7 12.Bf2 Be7 13.b3 f5 14.exf6 Bxf6 15.Qd2 O-O
16.Rad1 Rad8 17.Rfe1 g6 18.Bb1 Qf7 19.Qh6 Bg7 20.Qg5 Kh8 21.Bg3 Bf6 22.Qe3 Qg7
23.Bf4 Rfe8 24.Bh6 Qf7 25.f4 Ne7 26.Bg5 Nf5 27.Qf2 Bc6 28.Rd3 Bxg5 29.fxg5 Qg7
30.Rh3 Kg8 31.Rd1 Rf8 32.Bxf5 Rxf5 33.Qh4 Qf7 34.Ne4 Bxe4 35.Qxe4 Nd5 36.Ng3 Nc3
37.Nxf5 exf5 38.Qc2 Nxd1 39.Qxd1 c5 40.d5 Qxd5 41.Qxd5+ Rxd5 42.Re3 Rd7 43.Re8+ Kf7
44.Rc8 b6 45.Rc6 Ke7 46.h4 Kd8 47.Kf1 Rd1+ 48.Ke2 Ra1 49.h5 Rxa2+ 50.Kf3 gxh5
51.Rh6 Ke7 52.Rxh7+ Ke6 53.Rxh5 Kf7 54.Rh6 Kg7 55.Rc6 Rd2 56.Kf4 Rf2+ 57.Kg3 Rb2
58.Kf4 Rf2+ 59.Kg3 Rb2 60.Kf4 Rxg2 61.Kxf5 Rf2+ 62.Kg4 Rg2+ 63.Kh5 Rh2+ 64.Kg4 Rb2
65.Kf5 Rf2+ 66.Kg4 Rg2+ 67.Kf4 b5 68.Rf6 c4 69.bxc4 b4 70.Kf3  1/2-1/2

[Event "Eu Team Ch"]
[Site "Batumi GEO"]
[Date "1999.12.07"]
[Round "9"]
[White "Ivanisevic,I"]
[Black "Sakalauskas,V"]
[Result "1/2-1/2"]
[WhiteElo "2447"]
[BlackElo "2450"]

1.d4 d5 2.c4 dxc4 3.e4 e5 4.Nf3 exd4 5.Bxc4 Nc6 6.O-O Be6 7.Bb5 Bc5 8.b4 Bb6
9.a4 a5 10.bxa5 Rxa5 11.Ng5 Qd7 12.Nd2 Nge7 13.f4 Bg4 14.Qb3 O-O 15.Nc4 d3+
16.Kh1 Be2 17.Bb2 h6 18.Nxb6 cxb6 19.Qc3 Qd4 20.Qd2 Qd6 21.f5 Bxf1 22.Rxf1 Ne5
23.Nf3 Rxb5 24.axb5 Nc4 25.Qc3 Nxb2 26.Qxb2 Rd8 27.e5 Qd5 28.f6 Nf5 29.Qd2 Qe4
30.Re1 Qc4 31.fxg7 Qc2 32.Rd1 Qxd2 33.Rxd2 Rd5 34.Kg1 Ne3 35.Ne1 Rxe5 36.Rxd3 Ng4
37.Nf3 Rxb5 38.g3 Ne5 39.Nxe5 Rxe5 40.Rd7 Re2 41.Rd6 Re6 42.Rd7 Rf6 43.Rxb7 Kxg7
44.Kg2 Kg6 45.Kh3 Rc6 46.Rb8 Kg7 47.Rb7 Kf6 48.Kh4 Kg6 49.Kh3 f5 50.Rb8 Rd6
51.Rb7 Kf6 52.Kh4 Ke5 53.Kh5 Rf6 54.Rd7 Ke4 55.Rd8 Ke5 56.Rd7 f4 57.gxf4+ Kxf4
58.Rg7 Ke5 59.Rd7 Rd6 60.Rb7 Kd5 61.h4 Re6 62.Rb8 Rf6 63.Rc8 Ke5 64.Rb8 Rd6
65.Re8+ Kd5 66.Rb8 Rf6 67.Rd8+ Ke6 68.Rb8 Ke5 69.Re8+ Re6 70.Rb8 Rf6 71.Re8+ Kd5
72.Rb8 Kc5 73.Rh8 b5 74.Rxh6  1/2-1/2

[Event "FSIMB December"]
[Site "Budapest HUN"]
[Date "1999.12.07"]
[Round "4"]
[White "Jakab,A"]
[Black "Weglarz,L"]
[Result "1/2-1/2"]
[WhiteElo "2328"]
[BlackElo "2400"]

1.d4 d5 2.c4 dxc4 3.e4 Nc6 4.Be3 Nf6 5.Nc3 e5 6.d5 Na5 7.Qa4+ c6 8.dxc6 Nxc6
9.Bxc4 Bb4 10.f3 O-O 11.Ne2 Qe7 12.O-O Bd7 13.Bb5 Bc5 14.Bxc5 Qxc5+ 15.Kh1 a6
16.Bxc6 Bxc6 17.Qb3 Rad8 18.Rad1 h6 19.Rxd8 Rxd8 20.Rd1 Rxd1+ 21.Qxd1 b5
22.Qg1 Qd6 23.Qd1 Qc5 24.Qg1  1/2-1/2

[Event "FSIMB December"]
[Site "Budapest HUN"]
[Date "1999.12.13"]
[Round "10"]
[White "Jakab,A"]
[Black "Spielmann,Al"]
[Result "1/2-1/2"]
[WhiteElo "2328"]
[BlackElo "2241"]

1.d4 d5 2.c4 dxc4 3.e4 Nf6 4.f3 Nc6 5.Be3 e5 6.d5 Ne7 7.Bxc4 a6 8.Nc3 Ng6
9.Nge2 Bd6 10.O-O Nh5 11.a3 Nhf4 12.Nxf4 exf4 13.Bd4 Ne5 14.Be2 O-O 15.Na4 Kh8
16.Nc5 Qh4 17.Nd3 f6 18.Qe1 Qh6 19.Qc3 Nd7 20.b4 b6 21.Nb2 Ne5 22.Nc4 Nxc4
23.Bxc4 Bb7 24.Bb3 Rae8 25.Rfe1 Qg5 26.Ba4 Re7 27.Bc6 Bc8 28.Ra2 h5 29.Rae2 Be5
30.Bxe5 fxe5 31.d6 cxd6 32.Bd5 h4 33.Qc6 Qf6 34.Qxb6 h3 35.Bc4 hxg2 36.Rd1 Rd7
37.Bxa6 g5 38.Bxc8 Rxc8 39.Rxg2 Qh6 40.h4 gxh4 41.Kh1 Qe6 42.Rg4 Rg8 43.Rdg1 Rdg7
44.Rxh4+ Rh7 45.Rxg8+ Qxg8 46.Rxh7+ Qxh7+ 47.Kg2 Qg8+ 48.Kf1 Qc4+ 49.Kg2 Qg8+  1/2-1/2

[Event "Young Masters"]
[Site "Groningen NED"]
[Date "1999.12.20"]
[Round "2"]
[White "Gerard,N"]
[Black "Van den Doel,E"]
[Result "0-1"]
[WhiteElo "2305"]
[BlackElo "2528"]

1.d4 d5 2.c4 dxc4 3.e4 Nf6 4.Nc3 e5 5.Nf3 exd4 6.Qxd4 Bd6 7.Bxc4 O-O 8.Bg5 Nc6
9.Qd2 Ne5 10.Nxe5 Bxe5 11.Qxd8 Rxd8 12.f4 Bxc3+ 13.bxc3 Re8 14.e5 Ne4 15.Bh4 g5
16.Bg3 gxf4 17.Bxf4 Be6 18.Bxe6 Rxe6 19.Rd1 Nxc3 20.Rd7 Rae8 21.Kd2 Ne4+
22.Kc2 Rc6+ 23.Kb2 Nc5 24.Rd2 Na4+ 25.Kb3 b5 26.Rc2 Nc5+ 27.Ka3 b4+  0-1

[Event "ch-RUS KO"]
[Site "Moscow RUS"]
[Date "1999.12.21"]
[Round "4.1"]
[White "Sakaev,K"]
[Black "Ibragimov,I"]
[Result "1/2-1/2"]
[WhiteElo "2648"]
[BlackElo "2554"]

1.d4 d5 2.c4 dxc4 3.e4 Nf6 4.e5 Nd5 5.Bxc4 Nb6 6.Bd3 Nc6 7.Ne2 Bg4 8.f3 Be6
9.Nbc3 Nb4 10.Be4 c6 11.a3 N4d5 12.O-O Qd7 13.Qc2 g6 14.Bd3 Nxc3 15.bxc3 Bc4
16.a4 Bxd3 17.Qxd3 c5 18.a5 c4 19.Qc2 Nd5 20.Nf4 e6 21.Nxd5 exd5 22.f4 Qf5
23.Qa4+ Qd7 24.f5 Qxa4 25.Rxa4 gxf5 26.Rxf5 Be7 27.Bg5 Bxg5 28.Rxg5 Rd8 29.Rb4 Rd7
30.Rb2 Ke7 31.Rf2 b5 32.axb6 axb6 33.Rgf5 Rf8 34.Rf6 Rb7 35.e6 Ke8 36.R2f5 Re7
37.exf7+ Rexf7 38.Rxf7 Rxf7 39.Rxd5 Ra7 40.Rb5 Ra3 41.Rxb6 Rxc3 42.Rh6 Rd3
43.Rxh7 Rxd4 44.Kf2 c3 45.Rc7 Rd2+ 46.Kf3 Rd3+ 47.Kg4 Rd2 48.Kh3 c2 49.g4 Kd8
50.Rc4 Ke7 51.Kg3 Ke6 52.Rc8 Ke5 53.h4 Rd3+ 54.Kg2 Rd2+ 55.Kf3 Rd3+ 56.Ke2 Rd4  1/2-1/2

[Event "ch-RUS KO"]
[Site "Moscow RUS"]
[Date "1999.12.22"]
[Round "4.4"]
[White "Sakaev,K"]
[Black "Ibragimov,I"]
[Result "1-0"]
[WhiteElo "2648"]
[BlackElo "2554"]

1.d4 d5 2.c4 dxc4 3.e4 c5 4.d5 Nf6 5.Nc3 b5 6.Bf4 Ba6 7.e5 b4 8.e6 fxe6 9.Qa4+ Qd7
10.dxe6 Qxa4 11.Nxa4 Bb5 12.Nxc5 Nc6 13.Rc1 Nd5 14.Bxc4 Bxc4 15.Rxc4 Nxf4
16.Rxf4 g5 17.Rc4 Bg7 18.Nf3 Ne5 19.Nxe5 Bxe5 20.Nd3 Bd6 21.h4 gxh4 22.Rcxh4 a5
23.Rxh7 Rg8 24.g3 O-O-O 25.Ke2 Kb7 26.R7h4 Rg6 27.Re4 Rg5 28.g4 Rd5 29.Rd1 Kb6
30.b3 Rc8 31.Rd2 Kb5 32.Nb2 Rxd2+ 33.Kxd2 Bc5 34.Nd3 Bd6 35.f4 a4 36.g5 a3
37.f5 Rf8 38.f6  1-0

[Event "Eastern Open"]
[Site "Washington DC USA"]
[Date "1999.12.27"]
[Round "3"]
[White "Bengtson,M"]
[Black "Figler,I"]
[Result "1/2-1/2"]
[WhiteElo "2306"]
[BlackElo "2378"]

1.d4 d5 2.c4 dxc4 3.e4 Nf6 4.e5 Nd5 5.Bxc4 Nb6 6.Bb3 Nc6 7.Be3 Bf5 8.Ne2 Na5
9.Bc2 Qd7 10.Nbc3 Nac4 11.Bc1 O-O-O 12.a4 Na5 13.O-O e6 14.Bxf5 exf5 15.Qc2 Be7
16.Rd1 f6 17.Nf4 g6 18.e6 Qc6 19.d5 Qc4 20.Qd3 Qxd3 21.Rxd3 Nb3 22.Rb1 c6
23.Be3 g5 24.Bxb6 axb6 25.Nh5 Nc5 26.Rdd1 Ne4 27.Nxe4 fxe4 28.dxc6 bxc6 29.Ng3 e3
30.fxe3 Bc5 31.Nf5 Rxd1+ 32.Rxd1 Re8 33.Nd6+ Bxd6 34.Rxd6 Kc7 35.Rd7+ Kc8
36.Rxh7 Rxe6 37.Kf2 Re4 38.Rf7 Rxa4 39.Rxf6 Kc7 40.Kg3 Rb4 41.Rf2 Kd6 42.Re2 Re4
43.Kf3 Ke5 44.h3 c5 45.g3 Kf5 46.Rd2 Rb4 47.e4+ Rxe4 48.Rd5+ Re5 49.Rxe5+ Kxe5
50.Ke3 b5 51.Kd3 Kf5 52.h4 g4 53.h5 Kg5 54.Ke4 Kxh5 55.Kd5 Kg5 56.Kxc5 Kf5
57.Kd5 b4 58.b3 Kf6 59.Ke4  1/2-1/2

[Event "AUT-chT 9900"]
[Site "Austria"]
[Date "1999.??.??"]
[Round "2.5"]
[White "Wells, Peter K"]
[Black "Sermek, Drazen"]
[Result "1-0"]
[WhiteElo "2480"]
[BlackElo "2550"]

1.d4 d5 2.c4 dxc4 3.e4 e5 4.Nf3 exd4 5.Bxc4 Nc6 6.O-O Be6 7.Bb5 Bc5 8.Nbd2 Ne7
9.Ng5 Qd6 10.Nxe6 Qxe6 11.Nb3 Qd6 12.Bf4 Qxf4 13.Nxc5 O-O 14.Rc1 Ne5 15.g3 Qh6
16.f4 a6 17.Be2 b6 18.Nb3 N5c6 19.a3 Rfd8 20.Qd3 a5 21.Bf3 a4 22.Nd2 Ra5
23.e5 Nd5 24.Rfe1 Qe6 25.Be4 Nce7 26.Bxh7+ Kf8 27.Be4 Raa8 28.Nf3 Qg4 29.Kh1 c5
30.Ng5 Ra7 31.e6 f6 32.Nf7 Re8 33.Bf3 Qh3 34.Rc2 Ne3 35.Rce2 Qxe6 36.Nh8 Kg8
37.Ng6 Nxg6 38.Rxe3 Qxe3 39.Rxe3 Rxe3 40.Qxg6 Rd7 41.Bc6 Rd8 42.Bb5  1-0

[Event "Canovelles opB"]
[Site "Canovelles"]
[Date "1999.??.??"]
[Round "7"]
[White "Dorado Dominguez, F."]
[Black "Puig Carres, Esteban"]
[Result "0-1"]
[WhiteElo "1700"]
[BlackElo "1805"]

1.d4 d5 2.c4 dxc4 3.e4 e6 4.Nf3 h6 5.Nc3 Bb4 6.Qa4+ Nc6 7.Bxc4 Bxc3+ 8.bxc3 Bd7
9.Bb5 a6 10.Bxc6 Bxc6 11.Qc2 Ne7 12.Ne5 Bd7 13.Qe2 Nc6 14.Qh5 Nxe5 15.Qxe5 Rg8
16.Qg3 Qf6 17.Qxc7 Bc6 18.e5 Qe7 19.Qxe7+ Kxe7 20.f3 b5 21.Rb1 Bd5 22.a3 Bc4
23.h4 Rac8 24.Kd2 Rgd8 25.Kc2 Rb8 26.g4 Bd5 27.Rh3 Rdc8 28.h5 f6 29.Kd3 Rf8
30.f4 f5 31.Rg3 Be4+ 32.Ke2 Bxb1 33.g5 Rg8 34.Rg1 Be4 35.Be3 Kd7 36.Kf2 Bd5
37.Kg3 g6 38.Kh4 hxg5+ 39.Rxg5 gxh5 40.Bc1 Bf3 41.Rg3 Rxg3 42.Kxg3 Bd1 43.Kh4 Rg8
44.Kh3 Kc6 45.Be3 Rg4 46.Bf2 Rxf4 47.Kg3  0-1

[Event "Canovelles opA"]
[Site "Canovelles"]
[Date "1999.??.??"]
[Round "9"]
[White "Soler Colomer, V."]
[Black "Avila Jimenez, Javier"]
[Result "0-1"]
[WhiteElo "2210"]
[BlackElo "2210"]

1.d4 d5 2.c4 dxc4 3.e4 e5 4.Nf3 exd4 5.Qxd4 Qxd4 6.Nxd4 Nf6 7.f3 Bc5 8.Nb5 Na6
9.Bf4 c6 10.Nd6+ Bxd6 11.Bxd6 Be6 12.Na3 O-O-O 13.Be7 Rd4 14.Rc1 Re8 15.Nc2 Rd7
16.Ba3 b5 17.Nb4 Nb8 18.b3 a5 19.Nc2 b4 20.Bb2 c3 21.Bxc3 bxc3 22.Ne3 Rd2  0-1

[Event "Clichy"]
[Site "Clichy"]
[Date "1999.??.??"]
[Round "1"]
[White "Verat, Laurent"]
[Black "Velikov, Petar"]
[Result "0-1"]
[WhiteElo "2294"]
[BlackElo "2492"]

1.d4 d5 2.c4 dxc4 3.e4 Nc6 4.Nf3 Bg4 5.Bxc4 Bxf3 6.Qxf3 e6 7.d5 Ne5 8.Bb5+ c6
9.Qc3 cxb5 10.Qxe5 Qf6 11.Qxf6 Nxf6 12.dxe6 fxe6 13.Nc3 b4 14.Nb5 Kf7 15.e5 Nd5
16.Nd4 Rc8 17.Bd2 Rc4 18.Nf3 Be7 19.Rc1 Rxc1+ 20.Bxc1 Rc8 21.Kd1 Rc6 22.Ng5+ Kg6
23.h4 h5 24.Rh3 Bxg5 25.Bxg5 Ra6 26.Kc2 Rxa2 27.Bd2 Ra1 28.Rf3 a5 29.b3 Ra2+
30.Kc1 b5 31.Rf8 a4 32.Rb8 axb3 33.Rxb5 Rc2+ 34.Kd1 Rc4  0-1

[Event "Cataluna Club op"]
[Site "ESP"]
[Date "1999.??.??"]
[Round "?"]
[White "Arteaga Boix, David"]
[Black "Prats Rodriguez, Joan Bosco"]
[Result "0-1"]
[WhiteElo "1930"]
[BlackElo "2115"]

1.d4 d5 2.c4 dxc4 3.e4 Nc6 4.Be3 Nf6 5.f3 e5 6.d5 Ne7 7.Bxc4 Ng6 8.Ne2 Bd6
9.Qd2 Bd7 10.a3 O-O 11.O-O Nh5 12.Nbc3 a6 13.Rae1 Nhf4 14.Nxf4 exf4 15.Bd4 Ne5
16.Ba2 g5 17.Ne2 Bb5 18.Nxf4 gxf4 19.Qxf4 Ng6 20.Qh6 Be5 21.Bxe5 Nxe5 22.Re3 Bxf1
23.Kxf1 Qd6 24.Qg5+ Ng6 25.e5 Qe7 26.Qf5 Qc5 27.Rc3 Qb5+ 28.Kg1 Qxb2 29.Rc2 Qxe5
30.Qxe5 Nxe5 31.Rxc7 Rac8  0-1

[Event "Cataluna-chT"]
[Site "ESP"]
[Date "1999.??.??"]
[Round "2"]
[White "Garay Pinosa, M."]
[Black "Lopez Sebastian, L."]
[Result "1/2-1/2"]
[WhiteElo "1855"]
[BlackElo "2075"]

1.d4 d5 2.c4 dxc4 3.e4 Nf6 4.e5 Nd5 5.Bxc4 Nc6 6.Ne2 e6 7.O-O Be7 8.Nbc3 Nxc3
9.bxc3 O-O 10.Ng3 Bg5 11.Qg4 Bxc1 12.Raxc1 Ne7 13.Ne4 Ng6 14.f4 Qh4 15.Qf3 Bd7
16.Qe3 Ne7 17.Rf3 Nf5 18.Qd2 Bc6 19.Bd3 Rfd8 20.Rh3 Qe7 21.Qf2 Bxe4 22.Bxe4 g6
23.g4 Ng7 24.Rh6 c5 25.Qe3 cxd4 26.Qh3 Qa3 27.Rf1 Qxc3 28.Bd3 Qd2 29.Kh1 Qe3
30.Rf3 Qe1+ 31.Rf1 Qe3  1/2-1/2

[Event "GER-ch 11th Seniors"]
[Site "Germany"]
[Date "1999.??.??"]
[Round "?"]
[White "Stimpel, Franz"]
[Black "Degenhart, Herbert"]
[Result "1-0"]
[WhiteElo "2190"]
[BlackElo "1780"]

1.d4 d5 2.c4 dxc4 3.e4 e5 4.Nf3 Bg4 5.Qa4+ Qd7 6.Qxd7+ Nxd7 7.Nxe5 Nxe5 8.dxe5 Be6
9.f4 g6 10.Nd2 Bb4 11.a3 Bxd2+ 12.Bxd2 O-O-O 13.Be2 Ne7 14.O-O-O h5 15.Rhf1 Rd4
16.Bf3 Rhd8 17.h3 c5 18.g4 hxg4 19.hxg4 Bd7 20.Be3 Rxd1+ 21.Rxd1 b6 22.Be2 Be6
23.f5 Rxd1+ 24.Kxd1 gxf5 25.gxf5 Bd7 26.Bxc4 Be8 27.Bg5 Nc6 28.e6 fxe6 29.Bxe6+ Bd7
30.Bd5 Be8 31.Kd2 Ne5 32.Bf6 Nf7 33.Ke3 Kc7 34.e5 Nh6 35.Kf4 Nf7 36.e6 Nh6
37.Be5+ Kd8 38.f6  1-0

[Event "Hallsberg opJ"]
[Site "Hallsberg"]
[Date "1999.??.??"]
[Round "8"]
[White "Carlstrom, Nicklas"]
[Black "Bucinskas, Valdas"]
[Result "0-1"]
[WhiteElo "2030"]
[BlackElo "2222"]

1.d4 d5 2.c4 dxc4 3.e4 e5 4.Nf3 exd4 5.Bxc4 Nc6 6.O-O Be6 7.Bxe6 fxe6 8.Qb3 Qd7
9.Qxb7 Rb8 10.Qa6 Nf6 11.Nbd2 Bb4 12.e5 Ng4 13.Qe2 Qd5 14.Re1 Rb5 15.a3 Ba5
16.h3 d3 17.Qd1 Nh6 18.b4 Bb6 19.Nf1 Nf5 20.Bd2 a5 21.a4 Rxb4 22.Bxb4 Nxb4
23.Ra3 O-O 24.Qd2 c5 25.Ne3 Nxe3 26.Qxe3 Nc2 27.Qc1 c4  0-1

[Event "HUN-chT29899"]
[Site "HUN"]
[Date "1999.??.??"]
[Round "?"]
[White "Biro, David"]
[Black "Peredy, Ferenc"]
[Result "1/2-1/2"]
[WhiteElo "2155"]
[BlackElo "2470"]

1.d4 d5 2.c4 dxc4 3.e4 c5 4.d5 e6 5.Bxc4 Nf6 6.Nc3 exd5 7.Nxd5 Nxd5 8.Bxd5 Be7
9.Ne2 O-O 10.O-O Na6 11.Nc3 Qb6 12.Qe2 Nc7 13.Be3 Be6  1/2-1/2

[Event "EU-ch02 blind "]
[Site "Krynica"]
[Date "1999.??.??"]
[Round "4"]
[White "Pohlers, Juergen"]
[Black "Zsiltzova Lisenko, Lubov"]
[Result "0-1"]
[WhiteElo "2130"]
[BlackElo "2235"]

1.d4 d5 2.c4 dxc4 3.e4 e5 4.Nf3 exd4 5.Bxc4 Bb4+ 6.Bd2 Bxd2+ 7.Nbxd2 Nf6
8.e5 Nd5 9.Qb3 c6 10.Ne4 O-O 11.O-O Nb6 12.Bd3 Be6 13.Qc2 h6 14.Nd6 N8d7
15.Nxd4 Nxe5 16.Nxe6 fxe6 17.Bh7+ Kh8 18.Rad1 Nd5 19.Nxb7 Qg5 20.f4 Rxf4
21.Rxf4 Qxf4 22.Qe4 Rf8 23.Qxf4 Rxf4 24.Bb1 Rb4 25.Nc5 Rxb2 26.Re1 Nc3 27.Nd3 Rxb1
28.Rxb1 Nxb1 29.Nxe5 c5 30.Kf2 Nc3 31.a3 g5 32.Ke3 Kg7 33.Nd7 c4 34.Ne5 Nd5+
35.Kd4 c3 36.Kd3 Kf6 37.Ng4+ Kg6 38.g3 h5 39.Ne5+ Kf5 40.Nc6 e5 41.Nxa7 e4+
42.Kc2 e3 43.Nb5 Ke4  0-1

[Event "Mancha Real-A 2nd"]
[Site "Mancha Real"]
[Date "1999.??.??"]
[Round "2"]
[White "Candela Perez, Jose"]
[Black "Damaso, Rui"]
[Result "0-1"]
[WhiteElo "2415"]
[BlackElo "2395"]

1.d4 d5 2.c4 dxc4 3.e4 e5 4.Nf3 exd4 5.Qxd4 Qxd4 6.Nxd4 Nf6 7.Nc3 Bc5 8.Ndb5 Na6
9.Bf4 Be6 10.Bxc7 Ke7 11.Be2 Nxc7 12.Nxc7 Rac8 13.Nxe6 fxe6 14.O-O Bd4 15.Bf3 b5
16.Rad1 e5 17.Rd2 b4 18.Nd5+ Nxd5 19.exd5 Kd6 20.Rc1 c3 21.bxc3 Rxc3 22.Rb1 a5
23.Be4 h6 24.Kf1 Rb8 25.Ke2 a4 26.Bc2 b3 27.axb3 a3 28.Be4 Rbxb3 29.Rbd1 Rc7
30.Bb1 g5 31.Ba2 Rb2 32.f3 Rcc2 33.Kd3 Rxa2 34.Rxc2 Rxc2  0-1

[Event "Staufer-Open 11th"]
[Site "Schwaebisch Gmuend"]
[Date "1999.??.??"]
[Round "7"]
[White "Bagaturov, Giorgi"]
[Black "Grund, Holger"]
[Result "1-0"]
[WhiteElo "2540"]
[BlackElo "2345"]

1.d4 d5 2.c4 dxc4 3.e4 Nc6 4.Be3 Nf6 5.f3 e5 6.d5 Nd4 7.Bxd4 exd4 8.Qxd4 c6
9.Nc3 cxd5 10.O-O-O Bb4 11.Bxc4 Bxc3 12.bxc3 Qa5 13.exd5 O-O 14.Ne2 b5 15.Bb3 Qa3+
16.Kb1 a5 17.Ka1 Rd8 18.c4 a4 19.Bc2 bxc4 20.Nc3 Bb7 21.Nb5 Qe7 22.d6 Qd7
23.Nc7 Rac8 24.Rhe1 Kf8 25.Qf4 Qc6 26.Be4 Qb6 27.Bxb7 Qxb7 28.Qxc4 Ne8 29.Qc5 Kg8
30.Rxe8+ Rxe8 31.d7 a3 32.Rb1 Qxb1+ 33.Kxb1 Rb8+ 34.Kc2 Re2+ 35.Kd3 Re1 36.Kd2 Reb1
37.Nb5  1-0

[Event "SWE-chT 9899"]
[Site "Sweden"]
[Date "1999.??.??"]
[Round "8"]
[White "Ahlander, Bjorn"]
[Black "Astrom, Robert"]
[Result "1-0"]
[WhiteElo "2523"]
[BlackElo "2531"]

1.d4 d5 2.c4 dxc4 3.e4 Nf6 4.e5 Nd5 5.Bxc4 Nb6 6.Bd3 Nc6 7.Be3 Nb4 8.Be4 f5
9.exf6 exf6 10.a3 f5 11.axb4 Bxb4+ 12.Nc3 fxe4 13.Qh5+ Kf8 14.Ne2 Qe8 15.Qh4 Kg8
16.O-O Bf5 17.d5 h6 18.Bxb6 cxb6 19.Nd4 Qe5 20.Nxf5 Qxf5 21.Nxe4 Qxd5 22.Nf6+ gxf6
23.Qxb4 Rh7 24.Rfd1 Qc5 25.Qb3+ Kh8 26.Rxa7 Re8 27.g3 Rhe7 28.Qf3 Qc6 29.Qxc6 bxc6
30.Rxe7 Rxe7 31.Rd6 Re1+ 32.Kg2 Rc1 33.Rxf6 Kg7 34.Rd6 b5 35.h4 c5 36.h5 Rc2
37.b3 c4 38.bxc4 Rxc4 39.Rg6+ Kh7 40.Rb6 b4 41.Rb7+ Kg8 42.Kf1 Rc1+ 43.Ke2 Rc5
44.g4 Rc4 45.f3 Rc2+ 46.Kd3 Rc3+ 47.Ke4 Rc4+ 48.Ke5 Rc5+ 49.Kf4 Rc4+ 50.Kg3 Kf8
51.Rd7 Kg8 52.Rb7 Kf8 53.Rb5 Kg7 54.Kf2 Rc2+ 55.Ke3 Rc4 56.Rb7+ Kg8 57.Rb6 Kg7
58.Rg6+ Kh7 59.Rd6 Rc7 60.Rd3 Rb7 61.Kd2 b3 62.Kc1 b2+ 63.Kb1 Kg7 64.Ra3 Rb6
65.Ra7+ Kg8 66.Rd7 Rb3 67.Rd6 Kg7 68.Rg6+ Kh7 69.Rf6 Kg7 70.Rf5  1-0

[Event "Tampere We HervS I"]
[Site "Tampere"]
[Date "1999.??.??"]
[Round "5"]
[White "Mertanen, Janne"]
[Black "Rantanen, Yrjo A"]
[Result "1/2-1/2"]
[WhiteElo "2165"]
[BlackElo "2356"]

1.d4 d5 2.c4 dxc4 3.e4 Nc6 4.Be3 Nf6 5.Nc3 Ng4 6.Bxc4 e5 7.d5 Nxe3 8.fxe3 Nb8
9.Nf3 Bd6 10.O-O a6 11.a3 O-O 12.b4 Nd7 13.Qb3 Qe7 14.Bd3 Nb6 15.Nd2 Bd7
16.Rfc1 g6 17.a4 a5 18.bxa5 Rxa5 19.Nb5 Bxb5 20.Bxb5 Rfa8 21.Qc2 R5a7 22.Ra2  1/2-1/2